000 005190000a22001810004500
003 MACL
005 20160407160740.0
008 160407b xxu||||| |||| 00| 0 eng d
040 _aMACL
_cMACL
041 _aHindi
082 _a530
100 _aडॉ संजीव शर्मा
_920073
245 _aचालिकी का सिद्धांत
260 _bराजधानी प्रकाशन
_c2001
_aदिल्‍ली
350 _a60
650 _aPhysics
_951080
942 _cHIN
_k530
_2ddc
999 _c9280
_d9280